000 01316cam a2200289 i 4500
001 57080
005 20240410104053.0
008 140415s2011 mx r 000 0 spa d
020 _cEn tramite
040 _aMX-PuUPA
_bspa
_erda
_cMx-PuUPA
_dMx-PuUPA
041 0 _aspa
082 0 _a305.42097
_bHER
100 1 _aHerrerías Guerra, María,
_eautor
_97063
245 1 0 _aMujeres de las Américas /
_cMaría Herrerías Guerra ; con la colaboración de Mayra Barrientos Arriaga, Juan Francisco Hernández Herrerías.
264 1 _aMéxico, D.F. :
_bCentro de Estudios para el Adelanto de las Mujeres y la Equidad de Género,
_c[2011?]
300 _a222 páginas ;
_c23 cm.
336 _atexto
_2rdacontent
337 _asin mediación
_2rdamedia
338 _avolumen
_2rdacarrier
650 0 4 _aMujeres activistas
_zAmérica
_xHistoria
650 4 _aMujeres
_xActividad política
_zAmérica
651 4 _aAmérica
_xHistoria
_y1810-
700 1 _aBarrientos Arriaga, Mayra,
_ecolaborador
700 1 _aHernández Herrerías, Juan Francisco,
_ecolaborador
765 1 _aHerrerías Guerra, María.
_tWomen of America.
_dMéxico, D.F. : Center for advancement of women and gender equality house of representatives, [2011?]
_h222 páginas ; 23 cm.
_w(UPAEP UPA01) 62612
999 _c57080
_d57080
942 _h305.42097
_iHER
_cLI